000 00398nam a2200169Ia 4500
008 230524s9999 xx 000 0 und d
020 _a0070494924
082 _a621.382
_bJAI
100 _aR.P.Jain
245 0 _aModern Digital Electronics
250 _a3RD
260 _aNEW DELHI
_bTMH
_c2005
300 _aXXIV;603
500 _aQuantity Number: 95
650 _aElectronics
942 _cBK
999 _c17315
_d17315